000 00613nam a22001337a 4500
020 _a90-277-2566-7
082 _a620.00452 REL'C
100 _aCOLOMBO, A. G ,KELLER, A. Z
_980698
245 _aRELIABILITY MODELLING AND APPLICATIONS ,PROCEEDINGS OF THE ISPRA COURSE HELD AT THE JOINT RESEARCH ISPRA ITALY NOVEMBER 25-29, 1985
260 _aTOKYO
_bD. RIDER
_c1987
300 _a391P
650 _aHUMAN RELIABILITY RELIABILITY OF COMPUTING SYSTEMS STRUCTURAL RELIABILITY AVAILABILITY AND MAINTAINABILITY OF SYSTEMS SYSTEM RELIABILITY RELIABILITY (ENGINEERING) MATHEMATICAL MODELS CONGRESSES
_980699
942 _cBK
999 _c585594
_d585594